| 000 | 00779cam a2200241 4500 | ||
|---|---|---|---|
| 001 | ABS61946 | ||
| 008 | 000000n2000 000 0 eng u | ||
| 035 | _a(Sirsi) u104436 | ||
| 100 | _aJoyce, P. | ||
| 245 | _aHealth fears influence mobile mast verdicts | ||
| 260 | _c2000 | ||
| 490 |
_aPlanning (for the Natural and Built Environment) _v1356 18 February 2000 24(1) |
||
| 520 | _aDiscusses the location of mobile phone bases, objections raised and government guidance. | ||
| 590 | _aABS | ||
| 650 | _aMOBILE PHONES | ||
| 650 | _aTELECOMMUNICATIONS | ||
| 650 | _aNATIONAL RADIOLOGICAL PROTECTION BOARD | ||
| 650 | _aHEALTH AND SAFETY EXECUTIVE | ||
| 650 | _aELECTROMAGNETIC FIELDS | ||
| 650 | _aHEALTH HAZARDS | ||
| 690 |
_aHealth and safety _96244 |
||
| 942 | _n0 | ||
| 999 |
_c62658 _d62658 |
||